Southville International School and Colleges
Your cart is empty.
  • Cart
  • Lists
    Public lists list_1 View all
    Your lists Log in to create your own lists
  • Log in to your account
  • Your cookies
  • Search history
Southville International School and Colleges
  • Advanced search
  • Recent comments
  • Most popular
  • Libraries

Log in to your account

Log in with GOOGLE


If you do not have an external account, but do have a local account, you can still log in:

  1. Home
  2. MARC view: Differentiating math instruction :
Normal view MARC view ISBD view

Differentiating math instruction : (Record no. 288811)

[ view plain ]
MARC details
000 -LEADER
fixed length control field 01378cam a2200361 a 4500
001 - CONTROL NUMBER
control field 15577460
003 - CONTROL NUMBER IDENTIFIER
control field PILC
005 - DATE AND TIME OF LATEST TRANSACTION
control field 20151005145317.0
008 - FIXED-LENGTH DATA ELEMENTS--GENERAL INFORMATION
fixed length control field 090107s2009 caua b 001 0 eng
010 ## - LIBRARY OF CONGRESS CONTROL NUMBER
LC control number 2008055935
020 ## - INTERNATIONAL STANDARD BOOK NUMBER
International Standard Book Number 9781412970815 (cloth)
020 ## - INTERNATIONAL STANDARD BOOK NUMBER
International Standard Book Number 1412970814 (cloth)
020 ## - INTERNATIONAL STANDARD BOOK NUMBER
International Standard Book Number 9781412970822 (pbk.)
020 ## - INTERNATIONAL STANDARD BOOK NUMBER
International Standard Book Number 1412970822 (pbk.)
035 ## - SYSTEM CONTROL NUMBER
System control number (OCoLC)ocn262887446
040 ## - CATALOGING SOURCE
Original cataloging agency DLC
Transcribing agency DLC
Modifying agency BTCTA
-- YDXCP
-- C#P
-- BWX
-- CDX
-- TSU
-- DLC
050 00 - LIBRARY OF CONGRESS CALL NUMBER
Classification number QA 20.I53
Item number .B46 2009
082 00 - DEWEY DECIMAL CLASSIFICATION NUMBER
Classification number 372.7
100 1# - MAIN ENTRY--PERSONAL NAME
Personal name Bender, William N.
245 10 - TITLE STATEMENT
Title Differentiating math instruction :
Remainder of title strategies that work for K-8 classrooms /
Statement of responsibility, etc William N. Bender.
250 ## - EDITION STATEMENT
Edition statement 2nd ediition.
260 ## - PUBLICATION, DISTRIBUTION, ETC. (IMPRINT)
Place of publication, distribution, etc Thousand Oaks, California :
Name of publisher, distributor, etc Corwin,
Date of publication, distribution, etc 2009.
300 ## - PHYSICAL DESCRIPTION
Extent viii, 143 pages :
Other physical details illustrations ;
Dimensions 28 cm.
500 ## - GENERAL NOTE
General note "With updates based on the National Mathematics Advisory Panel Report."
500 ## - GENERAL NOTE
General note Includes bibliographical references and index.
650 #0 - SUBJECT ADDED ENTRY--TOPICAL TERM
Topical term or geographic name as entry element Individualized instruction.
650 #0 - SUBJECT ADDED ENTRY--TOPICAL TERM
Topical term or geographic name as entry element Mathematics
General subdivision Study and teaching (Preschool)
650 #0 - SUBJECT ADDED ENTRY--TOPICAL TERM
Topical term or geographic name as entry element Mathematics
General subdivision Study and teaching (Elementary)
650 #0 - SUBJECT ADDED ENTRY--TOPICAL TERM
Topical term or geographic name as entry element Mathematics
General subdivision Study and teaching (Middle school)
906 ## - LOCAL DATA ELEMENT F, LDF (RLIN)
a 7
b cbc
c orignew
d 1
e ecip
f 20
g y-gencatlg
942 ## - ADDED ENTRY ELEMENTS (KOHA)
Source of classification or shelving scheme Library of Congress Classification
Koha item type Books
Holdings
Withdrawn status Lost status Source of classification or shelving scheme Damaged status Home library Current library Shelving location Date acquired Source of acquisition Total Checkouts Full call number Barcode Date last seen Price effective from Koha item type
    Library of Congress Classification   College Library College Library General Circulation Section 10/05/2015 Library Fund   QA 20.I53 .B46 2009 C20115 05/15/2018 10/05/2015 Books

Differentiating math instruction :

APA

Bender W. N., . (2009). Differentiating math instruction. Thousand Oaks, California: Corwin.

Chicago

Bender William N, . 2009. Differentiating math instruction. Thousand Oaks, California: Corwin.

Harvard

Bender W. N., . (2009). Differentiating math instruction. Thousand Oaks, California: Corwin.

MLA

Bender William N, . Differentiating math instruction. Thousand Oaks, California: Corwin. 2009.

  • Place hold
  • Print
  • Cite
  • Add to your cart (remove)
  • Save record
    BIBTEX Dublin Core MARCXML MARC (non-Unicode/MARC-8) MARC (Unicode/UTF-8) MARC (Unicode/UTF-8, Standard) MODS (XML) RIS
  • More searches
    Search for this title in:
    Other Libraries (WorldCat) Other Databases (Google Scholar) Online Stores (Bookfinder.com) Open Library (openlibrary.org)

Exporting to Dublin Core...

SOUTHVILLE LIBRARY

Southville International School and Colleges Library

1281 Tropical Ave. Cor. Luxembourg St., BF Homes International, Las Pinas City

Tel. No. 8256374 / 252358 Loc. 117/146

Powered by Koha